000 00595cam a22002053a 4500
001 39876
003 PGUSA
005 20140828083904.0
008 120601s2012||||xxu|||||s|||||000 | eng d
040 _aPGUSA
_beng
042 _adc
100 1 _aMichelet, Jules,
_d1798-1874
245 1 0 _aHistoire de France 1598-1628 (Volume 13/19)
_h[electronic resource] /
_cJules Michelet
260 _bProject Gutenberg,
_c2012
506 _aPublic domain in the USA.
516 _aElectronic text
830 0 _aProject Gutenberg
_v39876
856 4 0 _uhttp://www.gutenberg.org/ebooks/39876
942 _cEB
999 _c269129
_d269129